Countries With the Fewest Abrahamic Religion Followers - Statistics

General Stats
  • This quiz has been taken 28 times
    14 since last reset
  • The average score is 15 of 20
Answer Stats
% Abrahamic Followers Country Total % Correct
3.7 China 52M
100%
17.4 India 244M
100%
2.4 Cambodia 394.6K
92%
2.4 Japan 3M
92%
1.5 Laos 113.1K
92%
9.6 Myanmar 5.1M
92%
0.4 North Korea 100.4K
92%
5.5 Thailand 3.7M
92%
8.4 Vietnam 8.3M
92%
0.5 Bhutan 4.2K
85%
4.8 Mongolia 156.2K
85%
6.9 Nepal 2M
85%
32.3 South Korea 16.8M
85%
15.9 Sri Lanka 3.6M
85%
26.7 Czechia 2.8M
69%
34.9 Singapore 2M
69%
6 Taiwan 1.4M
69%
41.7 New Zealand 2.1M
38%
40.7 Netherlands 7.2M
15%
45 Uruguay 1.5M
8%
No matching quizzes found
Score Distribution
Percent of People with Each Score
Percentile by Number Answered
Your Score History
You have not taken this quiz since the last reset